University Home | Library Home | Institutional Repository

Dyslexia: (Record no. 130761)

MARC details
000 -LEADER
fixed length control field 00506cam a2200169 4500
008 - FIXED-LENGTH DATA ELEMENTS--GENERAL INFORMATION
fixed length control field 180808n 000 0 eng u
020 ## - INTERNATIONAL STANDARD BOOK NUMBER
International Standard Book Number 9781349452217
035 ## - SYSTEM CONTROL NUMBER
System control number (Sirsi) a208435
050 ## - LIBRARY OF CONGRESS CALL NUMBER
Classification number LC 4708 CAM 2013
100 ## - MAIN ENTRY--PERSONAL NAME
Personal name Campbell, Tom
245 ## - TITLE STATEMENT
Title Dyslexia:
Remainder of title the government of reading/
Statement of responsibility, etc. Tom Campbell
260 ## - PUBLICATION, DISTRIBUTION, ETC.
Place of publication, distribution, etc. New York:
Name of publisher, distributor, etc. Palgrave Macmillian,
Date of publication, distribution, etc. 2013
300 ## - PHYSICAL DESCRIPTION
Extent vii, 242p.
504 ## - BIBLIOGRAPHY, ETC. NOTE
Bibliography, etc. note Includes references and index
650 ## - SUBJECT ADDED ENTRY--TOPICAL TERM
Topical term or geographic name entry element Dyslexia Children -- Education
650 ## - SUBJECT ADDED ENTRY--TOPICAL TERM
Topical term or geographic name entry element Dyslexic
Holdings
Withdrawn status Lost status Source of classification or shelving scheme Damaged status Not for loan Home library Current library Shelving location Total Checkouts Full call number Barcode Date last seen Copy number Price effective from Koha item type
    Library of Congress Classification     Main Library Main Library On Shelf   LC 4708 CAM 2013 33729005568386 08/22/2019 1 08/22/2019 Book
© 2026 - The University of Zambia Library - Koha v25.11